<?xml version="1.0" encoding="UTF-8"?>
<marc:record xmlns:marc="http://www.loc.gov/MARC21/slim">
   <marc:leader>00000nam a2200000 a 4500</marc:leader>
   <marc:datafield ind1="1" ind2=" " tag="100">
      <marc:subfield code="a">Hirschler, Herbert</marc:subfield>
      <marc:subfield code="4">aut</marc:subfield>
      <marc:subfield code="e">Verfasser/-in</marc:subfield>
   </marc:datafield>
   <marc:datafield ind1="0" ind2="0" tag="245">
      <marc:subfield code="a">Luftgitarrengott</marc:subfield>
   </marc:datafield>
   <marc:datafield ind1="0" ind2="0" tag="245">
      <marc:subfield code="b">Roman</marc:subfield>
   </marc:datafield>
   <marc:datafield ind1="0" ind2="0" tag="245">
      <marc:subfield code="c">Herbert Hirschler</marc:subfield>
   </marc:datafield>
   <marc:datafield ind1=" " ind2="1" tag="264">
      <marc:subfield code="a">Graz</marc:subfield>
      <marc:subfield code="b">Leykam</marc:subfield>
      <marc:subfield code="c">2021</marc:subfield>
   </marc:datafield>
   <marc:datafield ind1=" " ind2=" " tag="250">
      <marc:subfield code="a">1. Auflage</marc:subfield>
   </marc:datafield>
   <marc:datafield ind1="1" ind2=" " tag="520">
      <marc:subfield code="a">Einmal "Weiße Rosen aus Athen"-Trällern bringt 10 Mark von Tante Finni. Bastian und Lisa hassen diesen Song schon als Kinder. Zum Glück gibt es da noch Papa Berger, der ihnen mit seinen irren Luftgitarrensoli zu "Smoke On The Water" die Begeisterung für richtig coole Rockmusik mit auf den Weg gibt. Einen Weg, der Lisa einige Jahre später als Lucy Hill an die Spitze der internationalen Charts führt, ihren Bruder Bastian jedoch an den Rand des Wahnsinns. Der einzige Fels in der "Lisa-Brandung" ist seine große Liebe Susi. Lisa klaut die Songs ihres höchst musikalischen Bruders, sabotiert seine Karriere und zerstört um ein Haar seine Familie. Egal ob in einer griechischen Hippie-Kommune, als irre Leiterin des Klapsenchors "Guggerberg" oder vor hunderttausend Fans im Stadion von Rio &#x96; Lisas Leben gleicht einem Torpedo in Richtung immer neuer Sterne.   Bastians Rakete dagegen scheint, als sei sie am Boden explodiert. Seine Versuche, doch noch selbst als Rockmusiker die Bühnen der Welt zu erobern, enden regelmäßig in mittelschweren Katastrophen. Doch die Hoffnung stirbt zuletzt, und Bastian wartet weiter auf die Chance, als Luftgitarrengott durchzustarten und in den Rocker-Olymp aufzusteigen &#x96; denn es gibt ja immer noch "Weiße Rosen aus Athen"</marc:subfield>
   </marc:datafield>
   <marc:datafield ind1=" " ind2=" " tag="020">
      <marc:subfield code="a">9783701181841</marc:subfield>
      <marc:subfield code="9">9783701181841</marc:subfield>
   </marc:datafield>
   <marc:datafield ind1=" " ind2=" " tag="020">
      <marc:subfield code="a">3701181845</marc:subfield>
      <marc:subfield code="9">3701181845</marc:subfield>
   </marc:datafield>
   <marc:datafield ind1=" " ind2=" " tag="300">
      <marc:subfield code="a">380</marc:subfield>
   </marc:datafield>
</marc:record>
